| 000 | 00660nam a2200217 i 4500 | ||
|---|---|---|---|
| 001 | 146825 | ||
| 003 | ES-MaACL | ||
| 005 | 20250822063208.0 | ||
| 007 | t| | ||
| 008 | 070918s1975 sp ||||1| spa d | ||
| 080 | _a611.71 | ||
| 080 | _a616.71 | ||
| 100 | 1 |
_aTrueta, Josep, _d1897-1977 _9174269 |
|
| 245 | 1 | 3 |
_aLa estructura del cuerpo humano _b: estudios sobre su desarrollo y decadencia / _cJosé Trueta. |
| 260 |
_a[Barcelona] : _bLabor, _c[1975] |
||
| 300 |
_aXVI, 482 p. : _bil. ; _c29 cm. |
||
| 650 | 1 | 4 |
_aEsqueleto. _912509 |
| 650 | 1 | 4 |
_aHuesos- _xEnfermedades. _913495 |
| 852 |
_aES-MaACL _jE-8790 _bR.93397 |
||
| 999 |
_c146825 _d146825 |
||